000 00700nam a2200253Ia 4500
003 OSt
005 20220925204953.0
006 a|||||r|||| 00| 0
007 ta
008 220923b |||||||| |||| 00| 0 eng d
037 _cGeneral Book
040 _aRTL
_cRTL
_beng
041 _2eng
_aeng
082 _aU35, M0
100 _aDonkin R A
_9269353
245 0 _aManna
_b An historical geography
260 _aHague
_bW Jonk
_c1980
300 _a161p
_ccm.
490 _aBiogeographica; 17
500 _aBibliography: P 123-48; Appendix: P 118-22
650 _aBiogeography
942 _hU35, M0
_cGB
_2CC
999 _c550875
_d550875